The encyclopedia of jewelry-making techniques / (Record no. 607954)
[ view plain ]
| 000 -LEADER | |
|---|---|
| fixed length control field | 01079cam a2200325 a 4500 |
| 001 - CONTROL NUMBER | |
| control field | 3963617 |
| 003 - CONTROL NUMBER IDENTIFIER | |
| control field | OSt |
| 005 - DATE AND TIME OF LATEST TRANSACTION | |
| control field | 20240221100433.0 |
| 008 - FIXED-LENGTH DATA ELEMENTS--GENERAL INFORMATION | |
| fixed length control field | 941221s1995 paua e 001 0 eng d |
| 010 ## - LIBRARY OF CONGRESS CONTROL NUMBER | |
| LC control number | 94074910 |
| 020 ## - INTERNATIONAL STANDARD BOOK NUMBER | |
| International Standard Book Number | 1561385263 |
| 020 ## - INTERNATIONAL STANDARD BOOK NUMBER | |
| International Standard Book Number | 9781844486212 |
| 035 ## - SYSTEM CONTROL NUMBER | |
| System control number | (OCoLC)33338035 |
| 040 ## - CATALOGING SOURCE | |
| Original cataloging agency | OAdN |
| Transcribing agency | OAdN |
| Modifying agency | DLC |
| 042 ## - AUTHENTICATION CODE | |
| Authentication code | lccopycat |
| 050 00 - LIBRARY OF CONGRESS CALL NUMBER | |
| Classification number | TT212 |
| Item number | .M39 1995 |
| 082 00 - DEWEY DECIMAL CLASSIFICATION NUMBER | |
| Classification number | 739.27028 |
| Edition number | 20 |
| Author Mark | MCG |
| 100 1# - MAIN ENTRY--PERSONAL NAME | |
| Personal name | McGrath, Jinks. |
| 9 (RLIN) | 120957 |
| 245 14 - TITLE STATEMENT | |
| Title | The encyclopedia of jewelry-making techniques / |
| Statement of responsibility, etc. | Jinks McGrath. |
| 260 ## - PUBLICATION, DISTRIBUTION, ETC. | |
| Place of publication, distribution, etc. | Philadelphia : |
| Name of publisher, distributor, etc. | Running Press, |
| Date of publication, distribution, etc. | 2010. |
| 300 ## - PHYSICAL DESCRIPTION | |
| Extent | 176 p. : |
| Other physical details | col. ill. ; |
| Dimensions | 23 cm. |
| 500 ## - GENERAL NOTE | |
| General note | "A Quarto book"--T.p. verso. |
| 500 ## - GENERAL NOTE | |
| General note | Includes index. |
| 650 #0 - SUBJECT ADDED ENTRY--TOPICAL TERM | |
| Topical term or geographic name entry element | Jewelry making |
| General subdivision | Encyclopedias. |
| 9 (RLIN) | 120958 |
| 906 ## - LOCAL DATA ELEMENT F, LDF (RLIN) | |
| a | 7 |
| b | cbc |
| c | copycat |
| d | 2 |
| e | opcn |
| f | 19 |
| g | y-gencatlg |
| 942 ## - ADDED ENTRY ELEMENTS (KOHA) | |
| Source of classification or shelving scheme | |
| Koha item type | Book |
| Institution code [OBSOLETE] | SADA |
| Call number prefix | 739.27028 MCG 2010 |
| Withdrawn status | Lost status | Source of classification or shelving scheme | Damaged status | Not for loan | Permanent Location | Current Location | Date acquired | Source of acquisition | Full call number | Barcode | Date last seen | Cost, replacement price | Price effective from | Koha item type |
|---|---|---|---|---|---|---|---|---|---|---|---|---|---|---|
| School of Art Design and Architecture (SADA) | School of Art Design and Architecture (SADA) | 10/07/2019 | Multiline | 739.27028 MCG 2010 | SADA0002832 | 02/21/2024 | 2364.08 | 02/21/2024 | Book |
